书目信息 |
| 题名: |
大学物理手册
|
|
| 作者: | 亚沃尔斯基 , 杰特拉夫 著 ;陆瑞征 , 徐文柳 译 | |
| 分册: | 第二分册 分子物理学和热力学 | |
| 出版信息: | 上海 上海翻译出版公司 1985.8 |
|
| 页数: | 196页 | |
| 开本: | 20cm | |
| 丛书名: | ||
| 单 册: | ||
| 中图分类: | O4-62 | |
| 科图分类: | ||
| 主题词: | 物理学 | |
| 电子资源: | ||
| ISBN: | ||
| 000 | 00831nam0 2200241 45 | |
| 001 | 0312221749 | |
| 005 | 20060430084033.64 | |
| 010 | @dCNY1.25 | |
| 091 | @a13311.12 | |
| 100 | @a20031222d1985 km y0chiy0120 ea | |
| 101 | @achi | |
| 200 | 1 | @a大学物理手册@ADa Xue Wu Li Shou Ce@h第二分册@i分子物理学和热力学@f(苏)В·亚沃尔斯基,А·杰特拉夫著@F(su)В·ya wo er si ji,А·jie te la fu zhu@g陆瑞征,徐文柳译@Glu rui zheng,xu wen liu yi |
| 210 | @a上海@c上海翻译出版公司@d1985.8 | |
| 215 | @a196页@d20cm | |
| 517 | @a分子物理学和热力学@AFen Zi Wu Li Xue He Re Li Xue | |
| 606 | 0 | @a物理学 |
| 690 | @aO4-62@v3 | |
| 701 | 0 | @a亚沃尔斯基@Aya wo er si ji@4著 |
| 701 | 0 | @a杰特拉夫@Ajie te la fu@4著 |
| 702 | 0 | @a陆瑞征@Alu rui zheng@4译 |
| 702 | 0 | @a徐文柳@Axu wen liu@4译 |
| 801 | @aCN@bTSTCL@c20060430 | |
| 905 | @dO4-62@e113:2 | |
| 大学物理手册.第二分册.分子物理学和热力学/(苏)В·亚沃尔斯基,А·杰特拉夫著/陆瑞征,徐文柳译.-上海:上海翻译出版公司,1985.8 |
| 196页;20cm |
| ISBN :CNY1.25 |
| ● |
| 相关链接 |
|
|
|
|
正题名:大学物理手册
索取号:O4-62/113:2
 
预约/预借
| 序号 | 登录号 | 条形码 | 馆藏地/架位号 | 状态 | 备注 |
| 1 | 0140036 | 001469850 | 密集书库/ [索取号:O4-62/113:2] | 在馆 | |
| 2 | 0140037 | 000392756 | 密集书库/ [索取号:O4-62/113:2] | 在馆 | |
| 3 | 0140038 | 000392774 | 密集书库/ [索取号:O4-62/113:2] | 在馆 | |
| 4 | 0140039 | 202328374 | 密集书库/ [索取号:O4-62/113:2] | 在馆 | |
| 5 | 0140040 | 000392765 | 密集书库/ [索取号:O4-62/113:2] | 在馆 | |
| 6 | 0140041 | 000392792 | 第三借阅区/ [索取号:O4-62/113:2] | 在馆 | |
| 7 | 0140042 | 000773826 | 密集书库/ [索取号:O4-62/113:2] | 在馆 | |
| 8 | 0140043 | 202328365 | 密集书库/ [索取号:O4-62/113:2] | 在馆 | |
| 9 | 0140044 | 202192661 | 密集书库/ [索取号:O4-62/113:2] | 在馆 | |
| 10 | 0140045 | 000392783 | 第二样本阅览室/ [索取号:O4-62/113:2] | 在馆 |